Statistics for Top Medalists in Rio 2016

Click here to take the quiz!

General Stats

  • This quiz has been taken 322 times
    (238 since last reset)
  • The average score is 3 of 10

Answer Stats

MedalsCountryAthlete% Correct
5 Gold, 1 SilverUSAMichael Phelps
93%
3 GoldJamaicaUsain Bolt
88%
4 Gold, 1 BronzeUSASimone Biles
52%
4 Gold, 1 SilverUSAKatie Ledecky
36%
3 Gold, 1 SilverHungaryKatinka Hosszú
30%
3 GoldGreat BritainJason Kenny
22%
3 GoldHungaryDanuta Kozák
5%
3 GoldUSARyan Murphy
5%
2 Gold, 1 Silver, 1 BronzeUSAMadeline Dirado
4%
2 Gold, 2 SilverUSASimone Manuel
3%

Score Distribution

Percentile by Number Answered

Percent of People with Each Score

Your Score History

You have not taken this quiz since the last reset